Drapeaux des pays d'Océanie - Carte Quiz. - Statistiques

Statistiques générales
  • Ce quiz a été pris 3 613 fois
  • Le résultat moyen est 8 sur 14
Réponses sur la Carte
Les réponses sont colorées sur une échelle allant du rouge au vert en fonction du pourcentage des utilisateurs qui les ont devinées à leur premier essai. Vous pouvez retrouver ces pourcentages ci-dessous.
 
Statistiques - réponses
Réponse % Correct
96%
96%
80%
64%
63%
60%
60%
50%
49%
48%
44%
43%
41%
39%
Aucun quiz correspondant
Distribution des résultats
% des personnes avec chaque résultat
Percentile par nombre de réponses
Votre historique - résultats
Vous n’avez pas pris ce quiz